00912cam a22002531 450000100060000000300080000600500170001400800410003103500190007203500190009104000390011004100130014908200180016210000440018024501750022426000500039930000380044950400510048765000300053865000160056865000200058465000210060470000330062529540BD-RjUL20211209051426.0140403s1907 enka b 001 0 eng d a(BD-RjUL)29625 a(OCoLC)1597497 aDLCcFMUdOCoLCdDLCdBD-RjULbeng1 aenghund00a132bSTM 19071 aStòˆrring, Gustav Wilhelm,d1860-1946.10aMental pathology in its relation to normal psychology :ba course of lectures delivered in the University of Leipzig /cby Gustav Stòˆrring ... tr. by Thomas Loveday ... aLondon :bS. Sonnenschein & Co., ltd.,c1907. ax, 298 p., 1 l. :bill. ;c23 cm. a"Bibliographical index": p. 289-292. and Index 0aPsychology, Pathological. 0aPsychology. 0aMental illness. 0aBrainxDiseases.1 aLoveday, Thomas,d1875-1966.